000 00648nam a2200205Ia 4500
005 20250326142212.0
008 250326s9999 xx 000 0 und d
020 _a81-7618-87-4
037 _aTextbook
040 _aFMSL
_beng
_cFMSL
041 _aeng
_2eng
084 _aX724 P1
_qFMSL
100 _aAhuja G
245 0 _aSimplified approach to Income Tax & sales tax : Incorporating the provisions of the Fice Act, 2001 and the Income-tax Act as amended Up-to-date
_cAhuja G; Gupta R
250 _a5
260 _aNew
_bNew, Delh Sahitya Bhawan
_c2001
300 _a790p
942 _cTB
_hX724 P1
999 _c1293915
_d1293915